| 000 | 00712nam a2200217 i 4500 | ||
|---|---|---|---|
| 001 | bgj | ||
| 100 | 1 | _aDOFF, Adrian | |
| 245 | 1 | 0 |
_aTeach English : _ba training course for teachers : trainer's handbook / _cAdrian Doff. |
| 250 | _a[Repr.]. | ||
| 260 |
_aCambridge : _bCambridge University Press, _c1989 _a[London] : _bThe British Council _c1989. |
||
| 300 |
_aIX, 286 pp : _bill. ; _c23 cm. |
||
| 500 | _a1st published in 1988. | ||
| 650 | 9 |
_aEnglish language _xStudy and teaching _xForeign speakers |
|
| 650 | 9 |
_aLanguage teachers _xTraining of |
|
| 020 | _a0521348641 (pbk) | ||
| 040 | _cBPK | ||
| 041 | 0 | _aeng | |
| 920 | _a0-521-34864-1 (pbk) | ||
| 942 | _cKS | ||
| 008 | s uk f |000 0 eng | ||
| 999 |
_c49349 _d49349 |
||